00371nam a2200169Ia 4500003000400000005001700004008004100021020001400062040000700076041000800083082001900091100002100110245001300131260002800144300001600172365001300188OSt20230421091840.0210423s2004 xx 000 0 und d a415212618 cAL aeng a808.80384 FUCB aFUCHS (Barbara). aRomance. aLondonbRoutledgec2004 avii,146bPB b240cINR